Essential sculling

שמור ב:
מידע ביבליוגרפי
מחבר ראשי: Boyne, Daniel J (Author)
פורמט: ספר
שפה:אנגלית
יצא לאור: Guilford The Globe Pequot Press 2000
מהדורה:1a. ed
נושאים:
תגים: הוספת תג
אין תגיות, היה/י הראשונ/ה לתייג את הרשומה!

MARC

LEADER 00000nam a2200000 a 4500
001 UCH3002
003 CL-VaPUC
008 090709e20000000US |||||||||||||||||eng|d
020 |a 9781558217096 
082 0 4 |a 797.123  |b BOY  |2 21 
100 0 |a Boyne, Daniel J  |e author  |9 538104 
245 1 0 |a Essential sculling 
250 |a 1a. ed 
300 |a 141 p 
942 |c BK 
945 |d 20090709 00:00:00  |a cmena 
260 |a Guilford  |b The Globe Pequot Press  |c 2000 
650 7 |a DEPORTES NAUTICOS  |2 CL-VaPUC  |9 514659 
650 7 |a ENTRENAMIENTO ATLETICO  |2 CL-VaPUC  |9 538105 
650 7 |a NAVEGACION EN BOTE DE REMOS  |2 CL-VaPUC  |9 471337 
650 0 |a Botes  |9 324431 
583 |a last modification  |c 20090709 00:00:00  |k Rodrigo Vera 
999 |c 334659  |d 334657 
952 |0 0  |1 0  |4 0  |6 797_123000000000000_BOY_2000  |7 0  |8 C  |9 423789  |a BIBCUR  |b BIBCUR  |d 2019-11-22  |i 4567439  |o 797.123 BOY 2000  |p 4567439  |r 2025-04-22  |w 2019-11-22  |y BK  |k DEN